| 000 | 00846nam a2200241Ia 4500 | ||
|---|---|---|---|
| 003 | OSt | ||
| 005 | 20220927105621.0 | ||
| 006 | a|||||r|||| 00| 0 | ||
| 007 | ta | ||
| 008 | 220926b |||||||| |||| 00| 0 eng d | ||
| 024 | _a192319 | ||
| 037 | _cReference Collections | ||
| 040 |
_aRTL _cRTL _beng |
||
| 041 |
_2eng _aeng |
||
| 082 | _a"X.2s, P9.1-.2/GD" | ||
| 110 |
_a"INDIA, STATISTICS AND PROGRAMME IMPLEMENTATION (M/o-)" _9373723 |
||
| 245 | 0 |
_aCompendium of selected indicators of Indian economy _b Special issue of time series data |
|
| 260 |
_aNew _bDelhi MOP _c2009 |
||
| 490 | _v01493311- V1: Economic sector. (380p+various pages) | ||
| 700 |
_a"INDIA, STATISTICS AND PROGRAMME IMPLEMENTATION (M/o-)" _9373724 |
||
| 942 |
_h"X.2s, P9.1-.2/GD" _cCC |
||
| 999 |
_c693437 _d693437 |
||